000 00702cam a22002173a 4500
001 37060
003 PGUSA
005 20140828083819.0
008 110813s2011||||xxu|||||s|||||000 | eng d
040 _aPGUSA
_beng
042 _adc
100 1 _aIsaacson, Lauren Ann,
_d1961-1986
245 1 0 _aThrough these Eyes :
_bThe courageous struggle to find meaning in a life stressed with cancer
_h[electronic resource] /
_cLauren Ann Isaacson
260 _bProject Gutenberg,
_c2011
506 _aPublic domain in the USA.
516 _aElectronic text
653 _aCancer -- Patients -- Biography
830 0 _aProject Gutenberg
_v37060
856 4 0 _uhttp://www.gutenberg.org/ebooks/37060
942 _cEB
999 _c266315
_d266315